000 00321nam a2200157Ia 4500
100 _aKhurmi/ Gupta
250 _a4
942 _cBK
654 _aMachines
245 _aTheory Of Machines
260 _bEurasia pub. house
_aNONE
_c1982
082 _a621.81
_bKUR
300 _a756
546 _aENGLISH
999 _c28438
_d28438